|
|
|
|
| LEADER |
00000nam1a2200000 4500 |
| 001 |
273457 |
| 005 |
20231101234630.0 |
| 020 |
|
|
|a RU
|b 87-71998
|
| 035 |
|
|
|a (RuTPU)RU\TPU\book\296666
|
| 090 |
|
|
|a 273457
|
| 100 |
|
|
|a 20141027d1986 km y0rusy5003 ca
|
| 101 |
0 |
|
|a rus
|
| 200 |
1 |
|
|a Бесщеточные системы возбуждения мощных синхронных машин
|e сборник научных трудов
|f Всесоюзный научно-исследовательский институт электромашиностроения (ВНИИэлектромаш) ; под ред. В. Ф. Федорова
|
| 210 |
|
|
|a Ленинград
|c Изд-во ВНИИэлектромаш
|d 1986
|
| 215 |
|
|
|a 172 с.
|c ил.
|
| 320 |
|
|
|a Библиогр. в конце ст.
|
| 606 |
1 |
|
|a Электрические машины, синхронные
|x Режим работы
|2 stltpush
|3 (RuTPU)RU\TPU\subj\27225
|9 51016
|
| 610 |
1 |
|
|a возбуждение
|
| 610 |
1 |
|
|a синхронные машины
|
| 610 |
1 |
|
|a бесщеточные электродвигатели
|
| 610 |
1 |
|
|a турбогенераторы
|
| 610 |
1 |
|
|a компенсаторы
|
| 610 |
1 |
|
|a испытания
|
| 610 |
1 |
|
|a эксплуатация
|
| 675 |
|
|
|a 621.313.32
|z rus
|v 3
|
| 702 |
|
1 |
|a Федоров
|b В. Ф.
|g Владимир Феодосьевич
|4 340
|
| 712 |
0 |
2 |
|a Всесоюзный научно-исследовательский институт электромашиностроения (ВНИИэлектромаш)
|2 stltpush
|3 (RuTPU)RU\TPU\col\13871
|
| 801 |
|
0 |
|a RU
|b RuMRKP
|c 19960705
|g psbo
|
| 801 |
|
1 |
|a RU
|b 63413507
|c 20141027
|
| 801 |
|
2 |
|a RU
|b 63413507
|c 20151221
|g RCR
|
| 942 |
|
|
|c BK
|